000
00209 a2200097 4500
001
30187
100
_a
Sankhala, K
245
_a
Tiger
260
_a
London
_b
Collins, it James's Place
_c
090
_c
20130
_d
20130
942
_a
NUST-CAE
_c
_c
11260
999
_c
265260
_d
265260